| 000 | 00783nam a22003017a 4500 | ||
|---|---|---|---|
| 005 | 20170719124331.0 | ||
| 008 | 170719b xxu||||| |||| 00| 0 spa d | ||
| 020 | _a9780138136253 | ||
| 041 | _aeng | ||
| 082 | _a428.3 L887b | ||
| 100 |
_aLougheed, Lin _943411 |
||
| 245 | _aBuilding skills for the new TOEIC test | ||
| 250 | _a2 edición | ||
| 260 | _aEstados Unidos | ||
| 260 | _bPearson Longman | ||
| 260 | _c2009 | ||
| 300 | _a354 páginas | ||
| 505 | _aContiene disco compacto N° 780 | ||
| 650 |
_aINGLÉS - ENSEÑANZA _91244 |
||
| 650 |
_aCUSTIONARIO _943412 |
||
| 650 |
_aCONVERSACIONES _943413 |
||
| 650 |
_aESCRITURA _92870 |
||
| 650 |
_aTEST _92149 |
||
| 650 |
_aLISTENING _943414 |
||
| 650 |
_aREADING _943415 |
||
| 650 |
_aSPEAKING _943416 |
||
| 942 | _cBK | ||
| 999 |
_c9646 _d9646 |
||